<?xml version="1.0" encoding="UTF-8"?>
<collection xmlns="http://www.loc.gov/MARC21/slim">
  <record>
    <leader>00000nam  2200000   4500</leader>
    <controlfield tag="001">INLIS000000000049323</controlfield>
    <controlfield tag="005">20170209085035.0</controlfield>
    <controlfield tag="006"/>
    <controlfield tag="007"/>
    <controlfield tag="008">                                        </controlfield>
    <datafield tag="020" ind1="#" ind2="#">
      <subfield code="a">978-979-3703-62-6</subfield>
    </datafield>
    <datafield tag="035" ind1="#" ind2="#">
      <subfield code="0">010-021700000000115</subfield>
    </datafield>
    <datafield tag="040" ind1="#" ind2="#">
      <subfield code="a">NBPDMAT</subfield>
    </datafield>
    <datafield tag="082" ind1="#" ind2="#">
      <subfield code="a">912.959 842</subfield>
    </datafield>
    <datafield tag="090" ind1="#" ind2="#">
      <subfield code="a">912.959 842</subfield>
      <subfield code="b">Ach a</subfield>
    </datafield>
    <datafield tag="100" ind1="#" ind2="#">
      <subfield code="a">Achmad Chaldun</subfield>
    </datafield>
    <datafield tag="245" ind1="#" ind2="#">
      <subfield code="a">Atlas tematik provinsi Sulawesi Utara</subfield>
      <subfield code="b">: Administrasi, Sosial Budaya, Transportasi dan Perdagangan - Sumber daya Alam</subfield>
      <subfield code="c">/ Achmad Chaldun; Achmad Rusdi</subfield>
    </datafield>
    <datafield tag="250" ind1="#" ind2="#">
      <subfield code="a">Cet. 1</subfield>
    </datafield>
    <datafield tag="260" ind1="#" ind2="#">
      <subfield code="a">Surabaya</subfield>
      <subfield code="b">Karya Pembina Swajaya</subfield>
      <subfield code="c">2007</subfield>
    </datafield>
    <datafield tag="300" ind1="#" ind2="#">
      <subfield code="a">64 hlm. :</subfield>
      <subfield code="b">ilus. ;</subfield>
      <subfield code="c">31 cm</subfield>
    </datafield>
    <datafield tag="500" ind1="#" ind2="#">
      <subfield code="a">Indeks hlm : 63</subfield>
    </datafield>
    <datafield tag="650" ind1="#" ind2="#">
      <subfield code="a">Atlas Sulawesi Utara</subfield>
    </datafield>
    <datafield tag="700" ind1="#" ind2="#">
      <subfield code="a">Achmad Rusdi</subfield>
    </datafield>
    <datafield tag="850" ind1="#" ind2="#">
      <subfield code="a">NBPDMAT</subfield>
    </datafield>
    <datafield tag="990" ind1="#" ind2="#">
      <subfield code="a">21606043</subfield>
    </datafield>
    <datafield tag="990" ind1="#" ind2="#">
      <subfield code="a">21606044</subfield>
    </datafield>
    <datafield tag="990" ind1="#" ind2="#">
      <subfield code="a">21606045</subfield>
    </datafield>
    <datafield tag="990" ind1="#" ind2="#">
      <subfield code="a">21606046</subfield>
    </datafield>
  </record>
</collection>
